000 00496nam a2200181 a 4500
001 12016
003 CO-ViMGA
008 141112s2004 ck r 000 u spa d
040 _aCO-ViMGA
_bspa
_cCO-ViMGA
082 0 4 _a869.1 P37t
100 1 _aDe Place, Pierre
_916960
245 1 0 _aTierra Prohibida :
_bTerre interdite
260 _aCaracas :
_bMonte Avila,
_c1969
300 _a85p
500 _aEdición bilingue español - frances.
650 1 4 _aPOESIA PORTUGUESA
_916961
942 _2ddc
_cBK
999 _c23069
_d23069